000 00427nam a2200181Ia 4500
001 22413
005 20260414150829.0
008 260414t2009||||xx |||||||||||||| ||spa||
041 _aESP
082 _a621.381
_bN17
100 _aNaït Ali, Amine
_eAUT
245 0 _aAdvanced biosignal processing
_b
260 _c2009
300 _a378 páginas :
_c24 cm.
650 _aTCA
654 _aCET
942 _cLIB
_dJUS
_fJUS
_2ddc
_n
999 _c22413
_d22413